00756nam a22001817a 4500003000200000005001700002008004100019050002100060100002400081245011600105260007100221300002600292500004500318504005600363650004500419650005500464650005500519020250214172617.0250214b xxu||||| |||| 00| 0 eng d aBF 481b.L5 2024 aLi, Julia Ainna F.  aPsychological meaningfulness and work engagement among Metro Manila Filipino Gen Z employeescJulia Ainna F. Li aLas Pinas CitybSouthville International School and Collegesc2024 ax, 206 pages;c28cm.  aBachelor of Science in Psychology.  aIncludes bibliographical references and appendices. aWork engagement—Psychological aspects. aPsychological meaningfulness—Filipino employees. aGeneration Z—Workplace motivation -- Engagement.